| 000 | 00463nam a2200181Ia 4500 | ||
|---|---|---|---|
| 001 | 19857 | ||
| 005 | 20260306172723.0 | ||
| 008 | 260306t2009||||xx |||||||||||||| ||spa|| | ||
| 041 | _aESP | ||
| 082 |
_a342.211 _bN75 |
||
| 100 |
_aNogueira Alcalá, Humberto _eAUT |
||
| 245 | 0 | _aLa interpretación constitucional de los derechos humanos | |
| 260 | _c2009 | ||
| 300 |
_a300 páginas : _c20 cm. |
||
| 650 | _aGEN | ||
| 654 | _aCDE | ||
| 942 |
_cLIB _dJUS _fJUS _2ddc _n |
||
| 999 |
_c19857 _d19857 |
||